Historical reflections on Kenya : (Record no. 13890)
[ view plain ]
| 000 -LEADER | |
|---|---|
| fixed length control field | 00767nam a22002292 4500 |
| 001 - CONTROL NUMBER | |
| control field | 0000024223 |
| 005 - DATE AND TIME OF LATEST TRANSACTION | |
| control field | 20151217155914.0 |
| 008 - FIXED-LENGTH DATA ELEMENTS--GENERAL INFORMATION | |
| fixed length control field | 130619s xx 000 0 eng d |
| 020 ## - INTERNATIONAL STANDARD BOOK NUMBER | |
| International Standard Book Number | 9966792136 : |
| 040 ## - CATALOGING SOURCE | |
| Original cataloging agency | KABU |
| Transcribing agency | KABU |
| 100 1# - MAIN ENTRY--PERSONAL NAME | |
| Personal name | Munene, Macharia. |
| -- | 0000149060 |
| 245 10 - TITLE STATEMENT | |
| Title | Historical reflections on Kenya : |
| Remainder of title | intellectual adventurism, politics, and international relations / |
| Statement of responsibility, etc. | Macharia Munene. |
| 250 ## - EDITION STATEMENT | |
| Edition statement | 1st ed. |
| 260 ## - PUBLICATION, DISTRIBUTION, ETC. (IMPRINT) | |
| Place of publication, distribution, etc. | Nairobi : |
| Name of publisher, distributor, etc. | U. O. N. Press, |
| Date of publication, distribution, etc. | 2012. |
| 300 ## - PHYSICAL DESCRIPTION | |
| Extent | x, 213 p. |
| 651 #0 - SUBJECT ADDED ENTRY--GEOGRAPHIC NAME | |
| Geographic name | Kenya |
| General subdivision | History. |
| -- | 0000148727 |
| 651 #0 - SUBJECT ADDED ENTRY--GEOGRAPHIC NAME | |
| Geographic name | Kenya |
| General subdivision | Intellectual life. |
| -- | 0000184208 |
| 651 #0 - SUBJECT ADDED ENTRY--GEOGRAPHIC NAME | |
| Geographic name | Kenya |
| General subdivision | Colonization. |
| -- | 0000184209 |
| 852 1# - LOCATION | |
| -- | p1500 KES |
| 908 ## - PUT COMMAND PARAMETER (RLIN) | |
| Put command parameter | 130619 |
| 950 ## - LOCAL HOLDINGS (RLIN) | |
| -- | 1 |
| Withdrawn status | Lost status | Source of classification or shelving scheme | Not for loan | Home library | Current library | Date acquired | Total Checkouts | Full call number | Barcode | Date last seen | Price effective from | Koha item type |
|---|---|---|---|---|---|---|---|---|---|---|---|---|
| Library of Congress Classification | Kabarak, Main Campus | Kabarak, Main Campus | 17/12/2015 | DT433.558 .M86 2012 c. 1 | 015346 | 17/12/2015 | 17/12/2015 | Africana Collection |